Hydrological data : rainfall records, 1879-1958

Bibliographic Details
Corporate Author: FEDERATION of Malaya
Format: Book
Published: (Kuala Lumpur) : The Government Press , 1961
Subjects:

MARC

LEADER 00000cam a2200000 7i4500
001 0000001645
005 20010904.0
090 0 0 |a 551.48309595   |b FED 1961 
110 1 0 |a FEDERATION of Malaya   |c Drainage & Irrigation Department 
245 1 0 |a Hydrological data :   |b rainfall records, 1879-1958 
260 0 0 |a (Kuala Lumpur) :   |b The Government Press ,   |c 1961 
300 |a viii, 407 p. :   |b maps, folded maps, tables ;   |c 26 cm. 
650 0 0 |a Hydrology   |x Research   |z Malaysia 
998 |a JPSM 
999 |a 0000002849   |b Monograph   |c Open Shelf   |e Default branch